The moral foundations of United States constitutional democracy (Record no. 36019)

MARC details
000 -LEADER
fixed length control field 00529nam a2200181Ia 4500
020 ## - INTERNATIONAL STANDARD BOOK NUMBER
ISBN 0805933522
050 ## - CALL MARK
Classification number KN 113 .R9/
100 ## - STATEMENT OF RESPONSIBILITY--MAIN AUTHOR NAME
Personal name Rutherford, James H.
245 #4 - TITLE STATEMENT
Title The moral foundations of United States constitutional democracy
260 ## - PUBLICATION, DISTRIBUTION, ETC. (IMPRINT)
Place of publication Pittsburgh
260 ## - PUBLICATION, DISTRIBUTION, ETC. (IMPRINT)
Name of publisher Dorrance Pub. Co.
260 ## - PUBLICATION, DISTRIBUTION, ETC. (IMPRINT)
Year of publication c1992
300 ## - PHYSICAL DESCRIPTION
Number of Pages 49 p
650 ## - SUBJECT ADDED ENTRY--TOPICAL TERM
Topical Term Equality. Democracy. United States_Constitutional law_Moral and ethical aspects.
942 ## - ADDED ENTRY ELEMENTS (KOHA)
Koha item type Books
Holdings
Withdrawn status Lost status Source of classification or shelving scheme Damaged status Not for loan Permanent Location Current Location Date acquired Accession Number Price effective from Koha item type
    Library of Congress Classification     NILE UNIVERSITY OF NIGERIA - MAIN LIBRARY NILE UNIVERSITY OF NIGERIA - MAIN LIBRARY 04/23/2025 0010513 04/23/2025 Books